Neue Anforderungen and die Agrarstatistik und den Agrarbericht der Bundesregierung.
Nedostatok informácií o organizačných formách poľnohospodárskych podnikov v SRN ako závažná chyba agrárnej štatistiky a správy o stave poľnohospodárstva Spolkovej vlády. Zanedbanie príjmov, pochádzajúcich z mimopoľnohospodárskych aktivít v nemeckej štatistike.
Gespeichert in:
| 1. Verfasser: | |
|---|---|
| Format: | Buchkapitel |
| Sprache: | Deutsch |
| Schlagworte: | |
| Tags: |
Keine Tags, Fügen Sie das erste Tag hinzu!
|
MARC
| LEADER | 00000naa a2200000 4500 | ||
|---|---|---|---|
| 001 | r006328 | ||
| 005 | 20221208122243.8 | ||
| 041 | 0 | |a ger | |
| 044 | |a DE | ||
| 245 | 1 | 0 | |a Neue Anforderungen and die Agrarstatistik und den Agrarbericht der Bundesregierung. |c G. Schmitt |
| 520 | |a Nedostatok informácií o organizačných formách poľnohospodárskych podnikov v SRN ako závažná chyba agrárnej štatistiky a správy o stave poľnohospodárstva Spolkovej vlády. Zanedbanie príjmov, pochádzajúcich z mimopoľnohospodárskych aktivít v nemeckej štatistike. | ||
| 610 | 2 | 0 | |a podnik poľnohospodársky |
| 610 | 2 | 0 | |a organizácia podniku |
| 610 | 2 | 0 | |a štatistika |
| 610 | 2 | 0 | |a Nemecko |
| 610 | 2 | 0 | |a údaje štatistické |
| 610 | 2 | 0 | |a poľnohospodárstvo |
| 610 | 2 | 0 | |a príjmy |
| 610 | 2 | 0 | |a výroba pridružená |
| 100 | 1 | |a Schmitt, G. | |